000 00547nam a22001817a 4500
005 20251108164039.0
008 250721s2000 xx 000 0 ara d
082 1 4 _a720.282/قضا
100 1 _aالقضاة، فواز محمد
245 1 0 _aالظل و المنظور الهندسي /
264 1 _aعمان :
_bدار مجدلاوي،
_c2000.
300 _a213ص
650 1 7 _aالهندسة المعمارية
650 1 7 _aالرسم الهندسي الأولي
650 1 7 _aالظل الهندسي
942 _2ddc
_cBK
999 _c2259
_d2259